Ekonomické a legislatívne prostredie odpadového hospodárstva na Slovensku a v Česku bakalárska práca

Guardado en:
Detalles Bibliográficos
Autor principal: Kaučíková, Oľga
Autor Corporativo: Národohospodárska fakulta EU. Katedra financií
Otros Autores: Skýpalová, Jana, 1988-
Formato: Libro
Lenguaje:eslovaco
Publicado: Bratislava 2024
Etiquetas: Agregar Etiqueta
Sin Etiquetas, Sea el primero en etiquetar este registro!

MARC

LEADER 00000nbm a2200000 4500
001 0301613
005 20241025102411.4
041 0 |a slo 
044 |a SK 
245 1 0 |a Ekonomické a legislatívne prostredie odpadového hospodárstva na Slovensku a v Česku  |b bakalárska práca  |c Oľga Kaučíková ; školiteľ: Jana Skýpalová 
264 1 |a Bratislava  |c 2024 
300 |a 44 s. 
100 1 |a Kaučíková, Oľga 
700 1 |a Skýpalová, Jana, 1988- 
710 2 |a Národohospodárska fakulta EU. Katedra financií